<?xml version="1.0" encoding="UTF-8"?>
<record
    xmlns:xsi="http://www.w3.org/2001/XMLSchema-instance"
    xsi:schemaLocation="http://www.loc.gov/MARC21/slim http://www.loc.gov/standards/marcxml/schema/MARC21slim.xsd"
    xmlns="http://www.loc.gov/MARC21/slim">

  <leader>01340nam a22002177a 4500</leader>
  <controlfield tag="005">20220104144853.0</controlfield>
  <controlfield tag="008">220104b           ||||| |||| 00| 0 eng d</controlfield>
  <datafield tag="020" ind1=" " ind2=" ">
    <subfield code="a">9780143421191</subfield>
  </datafield>
  <datafield tag="040" ind1=" " ind2=" ">
    <subfield code="c">AL</subfield>
  </datafield>
  <datafield tag="041" ind1=" " ind2=" ">
    <subfield code="a">Eng</subfield>
  </datafield>
  <datafield tag="082" ind1=" " ind2=" ">
    <subfield code="2">23</subfield>
    <subfield code="a">820.33</subfield>
    <subfield code="b">SAIG</subfield>
  </datafield>
  <datafield tag="100" ind1=" " ind2=" ">
    <subfield code="a">Ankush Saikia</subfield>
    <subfield code="9">12433</subfield>
  </datafield>
  <datafield tag="245" ind1=" " ind2=" ">
    <subfield code="a">Girl From Nongrim Hills</subfield>
  </datafield>
  <datafield tag="260" ind1=" " ind2=" ">
    <subfield code="a">India</subfield>
    <subfield code="b">Penguin Books</subfield>
    <subfield code="c">2013</subfield>
  </datafield>
  <datafield tag="300" ind1=" " ind2=" ">
    <subfield code="a">231 p.</subfield>
    <subfield code="b">PB</subfield>
    <subfield code="c">19x12.5 cm.</subfield>
  </datafield>
  <datafield tag="365" ind1=" " ind2=" ">
    <subfield code="a">4902</subfield>
    <subfield code="b">&#x20B9;319.20</subfield>
    <subfield code="c">&#x20B9;</subfield>
    <subfield code="d">&#x20B9;399.00</subfield>
    <subfield code="e">20%</subfield>
    <subfield code="f">03-02-2022</subfield>
  </datafield>
  <datafield tag="520" ind1=" " ind2=" ">
    <subfield code="a">Bok, a guitar player with a shillong band, has a lot on his mind. His elder brother kitdor has lost 50 lakh rupees on a trip to nagaland to purchase arms for a group of militants. Kitdor is given a week to repay the money and the only person he can turn to is his laid-back younger brother. Bok is helpless until a chance encounter with a beautiful woman provides him with a desperate solution. But fate can't be cheated and soon the hapless musician is tangled in her web of lies. He must outmanoeuvre her and the trail of politicians, militants and cops she leaves in her wake, and find the 50 lakhs in time if he is to save his brother. Dark, atmospheric and utterly gripping, the girl from nongrim hills is a superb thriller and a great shillong novel.</subfield>
  </datafield>
  <datafield tag="650" ind1=" " ind2=" ">
    <subfield code="a">Indian Fiction</subfield>
    <subfield code="9">12434</subfield>
  </datafield>
  <datafield tag="700" ind1=" " ind2=" ">
    <subfield code="a">SAIKIA (Ankush)</subfield>
    <subfield code="9">12435</subfield>
  </datafield>
  <datafield tag="942" ind1=" " ind2=" ">
    <subfield code="2">ddc</subfield>
    <subfield code="c">BK</subfield>
  </datafield>
  <datafield tag="999" ind1=" " ind2=" ">
    <subfield code="c">221071</subfield>
    <subfield code="d">221071</subfield>
  </datafield>
  <datafield tag="952" ind1=" " ind2=" ">
    <subfield code="0">0</subfield>
    <subfield code="1">0</subfield>
    <subfield code="2">ddc</subfield>
    <subfield code="4">0</subfield>
    <subfield code="7">0</subfield>
    <subfield code="8">ENG</subfield>
    <subfield code="a">AL</subfield>
    <subfield code="b">AL</subfield>
    <subfield code="d">2022-01-04</subfield>
    <subfield code="e">Biblios Book Point</subfield>
    <subfield code="g">319.00</subfield>
    <subfield code="l">5</subfield>
    <subfield code="o">820.33 SAIG</subfield>
    <subfield code="p">075293</subfield>
    <subfield code="r">2024-11-06 00:00:00</subfield>
    <subfield code="s">2024-10-30</subfield>
    <subfield code="v">399.00</subfield>
    <subfield code="w">2022-01-04</subfield>
    <subfield code="y">BK</subfield>
  </datafield>
  <datafield tag="952" ind1=" " ind2=" ">
    <subfield code="0">0</subfield>
    <subfield code="1">0</subfield>
    <subfield code="2">ddc</subfield>
    <subfield code="4">0</subfield>
    <subfield code="7">0</subfield>
    <subfield code="8">ENG</subfield>
    <subfield code="a">AL</subfield>
    <subfield code="b">AL</subfield>
    <subfield code="d">2022-01-13</subfield>
    <subfield code="e">Biblios Book Point</subfield>
    <subfield code="g">319.00</subfield>
    <subfield code="l">5</subfield>
    <subfield code="m">2</subfield>
    <subfield code="o">820.33 SAIG</subfield>
    <subfield code="p">075328</subfield>
    <subfield code="r">2025-10-03 10:00:48</subfield>
    <subfield code="s">2025-09-26</subfield>
    <subfield code="v">399.00</subfield>
    <subfield code="w">2022-01-13</subfield>
    <subfield code="y">BK</subfield>
  </datafield>
  <datafield tag="952" ind1=" " ind2=" ">
    <subfield code="0">0</subfield>
    <subfield code="1">0</subfield>
    <subfield code="2">ddc</subfield>
    <subfield code="4">0</subfield>
    <subfield code="7">0</subfield>
    <subfield code="8">ENG</subfield>
    <subfield code="a">AL</subfield>
    <subfield code="b">AL</subfield>
    <subfield code="d">2022-01-13</subfield>
    <subfield code="e">Biblios Book Point</subfield>
    <subfield code="g">319.00</subfield>
    <subfield code="l">7</subfield>
    <subfield code="o">820.33 SAIG</subfield>
    <subfield code="p">075329</subfield>
    <subfield code="r">2025-04-01 06:00:00</subfield>
    <subfield code="s">2025-03-07</subfield>
    <subfield code="v">399.00</subfield>
    <subfield code="w">2022-01-13</subfield>
    <subfield code="y">BK</subfield>
  </datafield>
</record>
